000 00981nam a22002891 4500
001 34361
003 BD-RjUL
005 20211209052140.0
008 140517t19651963enkac b 001 0 eng d
035 _a(BD-RjUL)34455
035 _a(OCoLC)3199925
040 _aDLC
_cOClW
_dOCoLC
_dDLC
_dBD-RjUL
_beng
041 _aeng
082 0 0 _a307.760941
_bBRV 1965
100 1 _aBriggs, Asa,
_d1921-
_98764
245 1 0 _aVictorian cities /
_c Asa Briggs
260 _aLondon :
_bOdhams Books,
_c c1963 [Reprinted 1965]
300 _a416 p. :
_bill. ;
_c22 cm.
500 _aLabel on p. [2] of cover: Published in the U.S. by Dufour Editions, Chester Springs, Pa.
504 _aBibliography: p. 395-409. and Index
650 0 _aCities and towns
_zGreat Britain
_xHistory.
_9104485
650 0 _aUrbanization
_zGreat Britain
_xHistory.
_9104486
651 0 _aGreat Britain
_xHistory
_yVictoria, 1837-1901.
_9104487
942 _2ddc
_cBK
999 _c34361
_d34361